| 000 | nam a22 7a 4500 | ||
|---|---|---|---|
| 999 |
_c330582 _d330582 |
||
| 003 | NUST | ||
| 005 | 20170721114925.0 | ||
| 008 | 170721b xxu||||| |||| 00| 0 eng d | ||
| 040 | _cNUST | ||
| 041 | _hurdu | ||
| 082 |
_a910 _bTOU |
||
| 100 |
_aToufeeq, Muhammad _93521 |
||
| 245 |
_aUrdu safar namy ka gul -e khud rou- Muhammad Toufeeq/ _cby Rauf Amir |
||
| 260 |
_aIslamabad: _bAR printers, _c2005 |
||
| 300 | _a154 p. | ||
| 500 | _aSafar namah | ||
| 546 | _aIn urdu | ||
| 650 |
_aSafar nama _93522 |
||
| 700 |
_aMuhammad Toufeeq _93523 |
||
| 880 |
_6100-01\(3\r _aمحمد توفیق |
||
| 880 |
_6245-02\(3\r _aاردو سفر نامے کا گل خود رو- محمد توفیق _cرؤف امیر |
||
| 880 |
_6260-03\(3\r _aاسلام آباد: _bاے ۔ ار پرنٹرز، _c2005 |
||
| 942 |
_2ddc _cBK |
||